शहंशाह के कपडे कहाँ हैं? / (Record no. 112002)

MARC details
000 -LEADER
fixed length control field 01177nam a22002897a 4500
003 - CONTROL NUMBER IDENTIFIER
control field dpl
005 - DATE AND TIME OF LATEST TRANSACTION
control field 20190220110717.0
008 - FIXED-LENGTH DATA ELEMENTS--GENERAL INFORMATION
fixed length control field 190220b ||||| |||| 00| 0 eng d
010 ## - LIBRARY OF CONGRESS CONTROL NUMBER
LC control number B-236093
020 ## - INTERNATIONAL STANDARD BOOK NUMBER
Terms of availability 225.00
International Standard Book Number 8181434897
035 ## - SYSTEM CONTROL NUMBER
System control number B-236093, B-236097
037 ## - SOURCE OF ACQUISITION
Source of stock number/acquisition Cen Lib/Ret
040 ## - CATALOGING SOURCE
Original cataloging agency DPL
Language of cataloging HN
Transcribing agency 0
082 ## - DEWEY DECIMAL CLASSIFICATION NUMBER
Classification number 820.8
Item number शुक्लव
100 ## - MAIN ENTRY--PERSONAL NAME
Personal name शुक्ल, वागीश
9 (RLIN) 45430
245 ## - TITLE STATEMENT
Title शहंशाह के कपडे कहाँ हैं? /
Statement of responsibility, etc वागीश शुक्ल
246 ## - VARYING FORM OF TITLE
Title proper/short title Shahansha ke kapde kahan hain /
Remainder of title by Wagish Shukla
260 ## - PUBLICATION, DISTRIBUTION, ETC. (IMPRINT)
Place of publication, distribution, etc नयी दिल्ली
Name of publisher, distributor, etc वाणी प्रकाशन
Date of publication, distribution, etc 2006
270 ## - ADDRESS
Address 21-ए, दरिया गंज
City नयी दिल्ली
Postal code 110002
300 ## - PHYSICAL DESCRIPTION
Extent 166पृ.
Dimensions 21सेमी (सजिल्द)
500 ## - GENERAL NOTE
General note अनुक्रमणिका शामिल
650 ## - SUBJECT ADDED ENTRY--TOPICAL TERM
Topical term or geographic name as entry element हिन्दी साहित्य
9 (RLIN) 45431
650 ## - SUBJECT ADDED ENTRY--TOPICAL TERM
Topical term or geographic name as entry element हिन्दी आलोचना
9 (RLIN) 45432
650 ## - SUBJECT ADDED ENTRY--TOPICAL TERM
Topical term or geographic name as entry element Hindi literature
9 (RLIN) 45433
650 ## - SUBJECT ADDED ENTRY--TOPICAL TERM
Topical term or geographic name as entry element Hindi criticism
9 (RLIN) 42688
942 ## - ADDED ENTRY ELEMENTS (KOHA)
Source of classification or shelving scheme Dewey Decimal Classification
Koha item type Hindi Books
Classification part 820.8
Call number suffix शुक्लव
Holdings
Withdrawn status Lost status Damaged status Not for loan Home library Current library Date acquired Source of acquisition Cost, normal purchase price Total Checkouts Full call number Barcode Date last seen Copy number Cost, replacement price Price effective from Koha item type Source of classification or shelving scheme Collection code Total Renewals Date checked out
        Central Library Central Library 06/08/2015 Cen Lib/Ret 225.00   820.8 शुक्लव B-236093 06/08/2015 1 225.00 06/08/2015 Hindi Books        
        Sarojini Nagar Sarojini Nagar 21/10/2021   225.00   820.8 शुक्लव B-236095 21/10/2021     21/10/2021 Hindi Books Dewey Decimal Classification Non-fiction    
        Shahdara Branch Shahdara Branch 20/02/2019 BPPD/PUB 225.00 1 820.8 शुक्लव B-236097 12/11/2024   225.00 20/02/2019 Hindi Books Dewey Decimal Classification Non-fiction 2 07/10/2024

© Delhi Public Library
Hit Counter
free hit counter